000
00266nam a2200097Ia 4500
005
20251222114410.0
008
251222s1900||||xx |||||||||||||| ||spa||
082
_a
DVD0010/F96/2004
245
0
_a
Rey Arturo: versión del director:King Arthur: Director's Cut
942
_c
DVD
999
_c
1987
_d
1987